Ethics, theory and practice / (Record no. 35016)

MARC details
000 -LEADER
fixed length control field 01016nam a22002657a 4500
005 - DATE AND TIME OF LATEST TRANSACTION
control field 2010040107077.0
008 - FIXED-LENGTH DATA ELEMENTS--GENERAL INFORMATION
fixed length control field 100401t xxu||||| |||| 00| 0 eng d
010 ## - LCCN (DPL NO)
LC control number ENG-95956
020 ## - INTERNATIONAL STANDARD BOOK NUMBER
International Standard Book Number 9788131729472 (pbk.)
Terms of availability 175.00
035 ## - SYSTEM CONTROL NUMBER
System control number EN-79489
037 ## - SOURCE OF ACQUISITION
Source of stock number/acquisition DBAD/VEN
040 ## - CATALOGING SOURCE
Original cataloging agency DPL
082 ## - DEWEY DECIMAL CLASSIFICATION NUMBER
Classification number 170.1
100 ## - MAIN ENTRY--PERSONAL NAME
Personal name Satyanarayana, Y.V.
245 ## - TITLE STATEMENT
Title Ethics, theory and practice /
Statement of responsibility, etc by Y.V. Satyanarayana
260 ## - PUBLICATION, DISTRIBUTION, ETC. (IMPRINT)
Place of publication, distribution, etc New Delhi
Name of publisher, distributor, etc Dorling Kindersley (India) Pvt. Ltd. licensees of Pearson Education
Date of publication, distribution, etc 2010
270 ## - ADDRESS
Address 14 local shopping centre, Panchsheel Park
City New Delhi
Postal code 110017
300 ## - PHYSICAL DESCRIPTION
Extent xv, 219 p. ;
Dimensions 23 cm.(Pbk)
504 ## - BIBLIOGRAPHY, ETC. NOTE
Bibliography, etc Includes bibliographical references and index
650 ## - SUBJECT ADDED ENTRY--TOPICAL TERM
Topical term or geographic name as entry element Ethics.
650 ## - SUBJECT ADDED ENTRY--TOPICAL TERM
Topical term or geographic name as entry element Social ethics.
942 ## - ADDED ENTRY ELEMENTS (KOHA)
Source of classification or shelving scheme Dewey Decimal Classification
Item type English Books
Call number suffix SAT
Classification part 170.1
Holdings
Withdrawn status Lost status Source of classification or shelving scheme Materials specified (bound volume or other part) Damaged status Not for loan Collection code Home library Current library Date acquired Source of acquisition Cost, normal purchase price Total Checkouts Full call number Barcode Date last seen Copy number Cost, replacement price Koha item type
    Dewey Decimal Classification Hb   Not For Loan Non-fiction D.B.Act.Division D.B.Act.Division 26/02/2010 DBAD/VEN 175.00   170 SAT EN-79489 01/04/2010 1 175.00 English Books

© Delhi Public Library
Hit Counter
free hit counter